| 000 | 00614cam a2200217 4500500 | ||
|---|---|---|---|
| 005 | 20260405001825.0 | ||
| 041 | _afre | ||
| 042 | _adc | ||
| 100 | 1 | 0 |
_aMaurin, Pierre _eauthor |
| 245 | 0 | 0 | _aZarathoustra sous les tropiques |
| 260 | _c2014. | ||
| 500 | _a100 | ||
| 690 | _aAryen | ||
| 690 | _aMétissage | ||
| 690 | _aNazisme | ||
| 690 | _aNietzsche | ||
| 690 | _aParaguay | ||
| 690 | _aZarathoustra | ||
| 786 | 0 | _nPhilosophie magazine | 83 | 10 | 2014-10-01 | p. 15-17 | 1951-1787 | |
| 856 | 4 | 1 | _uhttps://shs.cairn.info/magazine-philosophie-magazine-2014-10-page-15?lang=fr&redirect-ssocas=7080 |
| 999 |
_c2051448 _d2051448 |
||